|
|
|
|
| LEADER |
00000nam a2200000 a 4500 |
| 001 |
vtls010056174 |
| 003 |
SK-MaSNL |
| 005 |
20260301131042.0 |
| 008 |
240318s2009 xo a b 000 0 slo |
| 015 |
|
|
|a SNBA2010/02-00949
|
| 020 |
|
|
|a 9788097003111
|q (brož.)
|
| 035 |
|
|
|a EF33F93C-9E95-45D5-BE15-69CC2333A9EF
|
| 035 |
|
|
|a urn:nbn:sk:snk-amlssa
|
| 035 |
|
|
|a urn:nbn:sk:snk-am00c9zp
|
| 040 |
|
|
|a SNK
|b slo
|c SNK
|e AACR2
|
| 041 |
0 |
|
|a slo
|
| 044 |
|
|
|a xo
|c SK
|
| 072 |
|
7 |
|a 376
|x Výchova a vzdelávanie zvláštnych skupín osôb
|2 konspekt
|
| 080 |
|
|
|a 376
|2 2001
|
| 080 |
|
|
|a 316.344.6-056.263-053.2
|2 2001
|
| 080 |
|
|
|a (035)
|2 2001
|
| 100 |
1 |
|
|a Juranová, Mária
|4 aut
|9 324178
|
| 245 |
1 |
0 |
|a Moje prvé slová
|c [Mária Juranová ; ilustrácie: Renáta Prušová]
|
| 250 |
|
|
|a [1. vyd.]
|
| 260 |
|
|
|a [S. l.]
|b Svet ticha, občianske združenie
|c 2009
|
| 300 |
|
|
|a [42] s., 3 l.
|b fareb. ilustr.
|c 29 cm
|e 3 voľ. l.
|
| 500 |
|
|
|a Hrebeňová väzba. Názov z obalu
|
| 650 |
0 |
7 |
|a špeciálna pedagogika
|2 SNKPH
|9 958
|
| 650 |
0 |
7 |
|a sluchovo postihnuté deti
|2 SNKPH
|9 1077
|
| 650 |
0 |
7 |
|a Hearing impaired children
|2 SNKPHeng
|9 337235
|
| 650 |
0 |
7 |
|a Special education
|2 SNKPHeng
|9 266101
|
| 655 |
|
7 |
|a príručky
|2 SNKPH
|9 74364
|
| 655 |
|
7 |
|a Handbooks, manuals, etc.
|2 SNKPHeng
|9 90964
|
| 700 |
1 |
|
|a Prušová, Renata
|4 ill
|9 479766
|
| 919 |
|
|
|a 978-80-970031-1-1
|
| 968 |
|
|
|d 37
|
| 999 |
|
|
|c 746641
|d 748571
|
| 952 |
|
|
|a SNK
|b SNK
|y PREZ
|7 0
|p 17A0643086
|o snkSB 78882
|i snk2010/1335
|8 0
|3 Príloha: 3 voľ. l.
|0 0
|1 0
|4 0
|d 2010-01-22
|f 1
|l 0
|r 2025-04-29 00:00:00
|w 2026-02-23
|
| 952 |
|
|
|a SNK
|b SNK
|y PREZ
|7 0
|p 17A0643087
|o snkSB 78882/príl.
|i snk2010/1335
|8 0
|3 Príloha: 3 voľ. l.
|z Príloha
|0 0
|1 0
|4 0
|d 2010-01-22
|l 0
|r 2025-04-29 00:00:00
|w 2026-02-23
|
| 952 |
|
|
|a SNK
|b SNK
|y PREZ
|7 0
|p 17A0643088
|o snkSB 78882 D1
|i snk2010/1336
|8 0
|3 Príloha: 3 voľ. l.
|0 0
|1 0
|4 0
|d 2010-01-22
|l 0
|r 2016-06-30 00:00:00
|w 2026-02-23
|
| 952 |
|
|
|a SNK
|b SNK
|y PREZ
|7 0
|p 17A0643089
|o snkSB 78882/príl. D1
|i snk2010/1336
|8 0
|3 Príloha: 3 voľ. l.
|z Príloha
|0 0
|1 0
|4 0
|d 2010-01-22
|l 0
|r 2016-06-30 00:00:00
|w 2026-02-23
|